| 000 | 01122cam a22003014a 4500 | ||
|---|---|---|---|
| 001 | 0000006105 | ||
| 005 | 20170406121233.0 | ||
| 008 | 061117s2006 nyua b 001 0 eng | ||
| 010 | _a 2006286192 | ||
| 020 | _a9780393328325 (pbk.) | ||
| 020 | _a0393328325 (pbk.) | ||
| 040 |
_aDLC _cDLC _dDLC |
||
| 050 | 0 | 0 |
_aHC79.E5 _bG333 2006 |
| 082 | 0 | 0 |
_a201/.77 _222 |
| 100 | 1 |
_aGardner, Gary T., _d1958-. |
|
| 245 | 1 | 0 |
_aInspiring progress : _breligions' contributions to sustainable development / _cGary T. Gardner. |
| 260 |
_aNew York : _bW.W. Norton, _cc2006. |
||
| 300 |
_ax, 209 p. : _bill. ; _c21 cm. |
||
| 490 | 0 | _a"A Worldwatch book"--Cover. | |
| 500 | _a"Appendix -- Organizations working on sustainable development issues" [annotated and with web addresses] : p. [167]-172. | ||
| 504 | _aIncludes bibliographical references and index. | ||
| 650 | 0 |
_aSustainable development _xReligious aspects. |
|
| 650 | 0 |
_aNature _xReligious aspects. |
|
| 650 | 0 |
_aHuman ecology _xReligious aspects. |
|
| 650 | 0 |
_aEnvironmentalism _xReligious aspects. |
|
| 710 | 2 | _aWorldwatch Institute. | |
| 908 | _a151117 | ||
| 999 |
_c5860 _d5860 |
||